Harcourt Math, level 1 (green) / (Record no. 112881)
[ view plain ]
| 000 -LEADER | |
|---|---|
| fixed length control field | 00554nam a2200193 a 4500 |
| 001 - CONTROL NUMBER | |
| control field | 0835 |
| 005 - DATE AND TIME OF LATEST TRANSACTION | |
| control field | 20140414131954.0 |
| 008 - FIXED-LENGTH DATA ELEMENTS--GENERAL INFORMATION | |
| fixed length control field | 040930s19uu xx 00 eng d |
| 020 ## - INTERNATIONAL STANDARD BOOK NUMBER | |
| International Standard Book Number | 0-15-315511-6 |
| 050 ## - LIBRARY OF CONGRESS CALL NUMBER | |
| Classification number | TR 372.7 |
| Item number | A26 2002 |
| 100 ## - MAIN ENTRY--PERSONAL NAME | |
| Personal name | Andrews, Angela Giglio |
| 245 ## - TITLE STATEMENT | |
| Title | Harcourt Math, level 1 (green) / |
| Statement of responsibility, etc | Angela Giglio Andrews, et al. |
| 250 ## - EDITION STATEMENT | |
| Edition statement | California Ed |
| 260 ## - PUBLICATION, DISTRIBUTION, ETC. (IMPRINT) | |
| Place of publication, distribution, etc | Columbus, Ohio : |
| Name of publisher, distributor, etc | SRA/McGRaw-Hill, |
| Date of publication, distribution, etc | 2002. |
| 300 ## - PHYSICAL DESCRIPTION | |
| Extent | xv, 455 p. ; cm. |
| 650 ## - SUBJECT ADDED ENTRY--TOPICAL TERM | |
| Topical term or geographic name as entry element | Mathematics |
| General subdivision | Study and teaching. |
| Withdrawn status | Lost status | Damaged status | Use restrictions | Home library | Current library | Shelving location | Date acquired | Source of acquisition | Total Checkouts | Full call number | Barcode | Date last seen | Price effective from | Koha item type |
|---|---|---|---|---|---|---|---|---|---|---|---|---|---|---|
| Munich Library | Munich Library | Teachers Reference Section | 09/30/2004 | TR 372.7 A26 2002 | M4292 | 04/14/2014 | 04/14/2014 | Books | ||||||
| Munich Library | Munich Library | Teachers Reference Section | 09/30/2004 | TR 372.7 A26 2002 | M4291 | 04/14/2014 | 04/14/2014 | Books |